Contemporary marketing research /

This book is divided into five parts: An introduction to market research; Creating a research design; Data acquisition; Data analysis; and Market research in action.

Αποθηκεύτηκε σε:
Λεπτομέρειες βιβλιογραφικής εγγραφής
Κύριος συγγραφέας: McDaniel, Carl D.
Άλλοι συγγραφείς: Gates, Roger.
Μορφή: Βιβλίο
Γλώσσα:English
Έκδοση: Cincinnati, OH : South-Western College, 1999.
Έκδοση:4th ed.
Θέματα:
Ετικέτες: Προσθήκη ετικέτας
Δεν υπάρχουν, Καταχωρήστε ετικέτα πρώτοι!
Thư viện lưu trữ: Mạng thư viện Đại học Đà Nẵng
LEADER 01059cam a2200349 i 4500
001 000049397
003 9142
005 20051111143412.0
008 010322b1999 vm 000 eng
020 |a 0324006039 
040 |a IRC  |c IRC  |d IRC 
041 0 |a eng 
082 1 4 |a 658.83  |b MC-C 
100 1 |a McDaniel, Carl D. 
245 0 0 |a Contemporary marketing research /  |c Carl McDaniel, Roger Gates. 
250 |a 4th ed. 
260 |a Cincinnati, OH :  |b South-Western College,  |c 1999. 
300 |a 1 v. (various pagings) :  |b col. ill. ;  |c 25cm. 
520 3 |a This book is divided into five parts: An introduction to market research; Creating a research design; Data acquisition; Data analysis; and Market research in action. 
630 0 4 |a Marketing. 
650 0 4 |a Marketing research. 
700 1 |a Gates, Roger. 
OWN |a DUT 
999 |a From the UDN01 
TYP |a Monograph 
TYP |a Printed language 
980 |a Mạng thư viện Đại học Đà Nẵng